02078cam a22003374a 450000100090000000300040000900500170001300800410003001000170007101600200008802000180010802000150012603500240014104000500016504200080021505000210022306000110024408200170025524502010027225000120047326000340048530000330051950400510055250509720060365000190157565000310159465000230162565000280164865000270167670000370170316793860OSt20150408114220.0110520s2012 stka f b 001 0 eng  a 20110218977 a1015611702DNLM a9780702033889 a070203388X a(OCoLC)ocn727303268 aDNLM/DLCbengcDLCdYDXdNLMdYDXCPdCDXdDLC apcc00aRS160b.F86 201210aQV 76600a615.3212FPF00aFundamentals of pharmacognosy and phytotherapy /cMichael Heinrich ... [et al.] ; foreword, A. Douglas Kinghorn ; epilogue, J. David Phillipson ; illustrations by Debbie Maizels and Simon Gibbons. a2nd ed. aEdinburgh :bElsevier,c2012. aix, 326 p. :bill. ;c25 cm. aIncludes bibliographical references and index.0 aImportance of plants in modern pharmacy and medicine -- Pharmacognosy and its history : people, plants, and natural products -- General principles of botany : morphology and systematics -- Families yielding important phytopharmaceuticals -- Ethnobotany and ethnopharmacy -- Natural product chemistry -- Methods in natural product chemistry -- Anticancer natural products -- Production, standardization, and quality control -- Toxicity of herbal constituents -- What makes phytomedicines unique? -- Traditional systems of herbal medicine -- Complementary/alternative medicine -- The gastrointestinal and biliary system -- The cardiovascular system -- The respiratory system -- The central nervous system -- Infectious diseases -- The endocrine system -- The reproductive and urinary tracts -- The musculoskeletal system -- The skin -- The eye -- Ear, nose, and orthopharynx -- Miscellaneous supportive and protective therapies for stress, ageing, cancer, and debility. 0aPharmacognosy. 0aMateria medica, Vegetable.12aPlants, Medicinal.22aPharmacognosyxmethods.22aPhytotherapyxmethods.1 aHeinrich, Michael,d1957 July 4-